自身面积大于所有邻接县级行政区总和一半的县级行政区 - Statistics

General Stats
  • This quiz has been taken 7 times
  • The average score is 22 of 31
Answer Stats
比值 省级行政区 地级行政区 县级行政区 % Correct
0.81 浙江省 舟山市 定海区
100%
0.88 福建省 厦门市 思明区
100%
1.14 福建省 厦门市 湖里区
100%
1.24 浙江省 舟山市 普陀区
100%
1.77 海南省 (直辖) 文昌市
100%
1.92 海南省 (直辖) 东方市
100%
0.6 辽宁省 大连市 中山区
86%
0.88 辽宁省 大连市 旅顺口区
86%
1.37 广东省 湛江市 雷州市
86%
1.5 内蒙古自治区 阿拉善盟 额济纳旗
86%
1.6 辽宁省 大连市 瓦房店市
86%
1.6 浙江省 宁波市 象山县
86%
1.76 江苏省 南通市 启东市
86%
1.9 广东省 广州市 南沙区
86%
0.92 内蒙古自治区 呼伦贝尔市 新巴尔虎右旗
71%
1.31 广东省 深圳市 宝安区
71%
1.64 内蒙古自治区 呼伦贝尔市 鄂伦春自治旗
71%
1.87 广东省 湛江市 徐闻县
71%
1.97 浙江省 宁波市 慈溪市
71%
1.44 西藏自治区 山南市 错那市
57%
1.5 云南省 西双版纳傣族自治州 勐腊县
57%
1.57 海南省 (直辖) 临高县
57%
1.71 山东省 威海市 荣成市
57%
1.76 浙江省 宁波市 北仑区
57%
1.17 福建省 莆田市 秀屿区
43%
1.27 西藏自治区 阿里地区 札达县
43%
1.74 福建省 福州市 连江县
43%
1.95 广东省 江门市 台山市
43%
1.02 福建省 泉州市 惠安县
29%
1.64 新疆维吾尔自治区 博尔塔拉蒙古自治州 温泉县
29%
1.67 黑龙江省 黑河市 逊克县
14%
No matching quizzes found
Score Distribution
Percent of People with Each Score
Percentile by Number Answered
Your Score History
You have not taken this quiz